Jedi Council Picture Quiz - Statistics

General Stats
  • This quiz has been taken 42 times
  • The average score is 9 of 12
Answer Stats
Picture Answer % Correct
Mace Windu
100%
Obi-Wan Kenobi
100%
Yoda
100%
Anakin Skywalker
97%
Plo Koon
97%
Ki-Adi-Mundi
94%
Kit Fisto
91%
Shaak Ti
77%
SaeSee Tiin
54%
Agen Kolar
46%
Coleman Kcaj
34%
Stass Allie
34%
No matching quizzes found
Score Distribution
Percent of People with Each Score
Percentile by Number Answered
Your Score History
You have not taken this quiz